Soccer Players by Letter - G - Statistics

General Stats
  • This quiz has been taken 527 times
  • The average score is 10 of 12
Answer Stats
Picture Answer % Correct
Antoine Griezmann
98%
Olivier Giroud
96%
Steven Gerrard
94%
İlkay Gündoğan
93%
Ruud Gullit
92%
Mario Götze
87%
Gennaro Gattuso
83%
Ryan Giggs
80%
Cody Gakpo
76%
Garrincha
75%
Diego Godin
73%
Paul Gascoigne
37%
No matching quizzes found
Score Distribution
Percent of People with Each Score
Percentile by Number Answered
Your Score History
You have not taken this quiz